| 000 | 00322nam a22000977a 4500 | ||
|---|---|---|---|
| 008 | 150622b xxu||||| |||| 00| 0 eng d | ||
| 010 | _8HCCRSF:005 | ||
| 245 | _aHIGH COURT CRIMINAL SESSION NO.43 OF 1969 Uganda Vs 1. Sefati Nyende 2. Samuel Bazale | ||
| 260 | _aHigh Court Kampala | ||
| 500 | _3BEFORE: Hon. Mr. Justice D.J. Jones | ||
| 999 |
_c6568 _d6568 |
||